000 00366nam a22001337a 4500
008 230626b xxu||||| |||| 00| 0 eng d
020 _a9789211482324
082 _a337.1
_bWOR 2009
245 _aReport of the International Narcotics Control Board for 2008
260 _aNew York
_bUnited Nations
_c2009
300 _aIX,132p
440 _x02572717
942 _2ddc
_cBK
999 _c2785
_d2785